| 000 | 00737nam a2200217Ia 4500 | ||
|---|---|---|---|
| 001 | 7433 | ||
| 003 | GE_BSU | ||
| 008 | 181216s||||||||xx |||||||||||||| ||und|| | ||
| 040 | _cGE_BSU | ||
| 080 | _a69(035.5) | ||
| 100 | _aДнипровский,С.И. | ||
| 245 | _aРасход материалов на специальные строителные работы. | ||
| 245 | _bСправочник. | ||
| 245 | _cРед. Е.А.Щулык, Н.М.Демидова, О.И.Злотина. | ||
| 260 | _aКиев. | ||
| 260 | _bБудiвельник. | ||
| 260 | _c1984. | ||
| 300 | _a608стр. 22 см. | ||
| 653 | _aРасход материалов на специальные строителные работы. | ||
| 942 | _cBK | ||
| 999 |
_c40793 _d40793 |
||